Χώρες με τους Περισσότερους Θανάτους από Τροχαία Ατυχήματα - Statistics

General Stats
  • This quiz has been taken 14 times
  • The average score is 11 of 20
Answer Stats
Θάνατοι Ποσοστό Χώρα % Correct
261.367 104 Κίνα
92%
39.888 14 Ηνωμένες Πολιτείες
92%
46.935 58 Βραζιλία
85%
16.981 50 Ρωσία
85%
207.551 130 Ινδία
77%
10.466 149 Αίγυπτος
77%
15.062 43 Μεξικό
69%
16.426 54 Ιράν
62%
25.781 284 Πακιστάν
54%
12.891 641 Κένυα
54%
38.279 37 Ινδονησία
46%
26.529 Υψηλό Λαϊκή Δημοκρατία του Κονγκό
46%
21.316 1020 Μπανγκλαντές
46%
27.326 386 Αιθιοπία
38%
22.491 60 Ταϊλάνδη
31%
13.273 134 Νότια Αφρική
31%
35.621 615 Νιγηρία
23%
22.419 55 Βιετνάμ
23%
10.809 251 Μιανμάρ
15%
16.211 1073 Τανζανία
8%
No matching quizzes found
Score Distribution
Percent of People with Each Score
Percentile by Number Answered
Your Score History
You have not taken this quiz